[Event "I Trofeo A"]
[Site "Liscate ITA"]
[Date "2011.10.14"]
[Round "1"]
[White "Bemporad, Filippo"]
[Black "Solomon, Kenny"]
[Result "1-0"]
[WhiteElo "2093"]
[BlackElo "2426"]
[PlyCount "75"]
[EventDate "2011.10.14"]

1. d4 Nf6 2. Nf3 e6 3. g3 b5 4. Bg2 Bb7 5. O-O c5 6. b3 cxd4 7. Bb2 Be7 8. Qxd4
Nc6 9. Qd3 Nb4 10. Qxb5 Bc6 11. Qg5 Nxc2 12. Ne5 h6 13. Qxg7 Rh7 14. Nxc6 Rxg7
15. Nxd8 Rxd8 16. Na3 Nxa1 17. Rxa1 Rg5 18. Bd4 a5 19. Nc4 d5 20. Nxa5 Rc8 21.
a3 h5 22. b4 h4 23. b5 hxg3 24. hxg3 Rg4 25. e3 Nd7 26. Bf3 Rxd4 27. exd4 Rc3
28. Be2 Bxa3 29. Nc6 Nb6 30. Kg2 Kd7 31. Rh1 Nc8 32. Rb1 Kc7 33. Rh1 Rc2 34.
Kf3 Nd6 35. Rh7 Kb6 36. Nd8 Bc1 37. Nxf7 Nxf7 38. Bd3 {...} 1-0

[Event "I Trofeo A"]
[Site "Liscate ITA"]
[Date "2011.10.14"]
[Round "1"]
[White "Bevilacqua, Maurizio"]
[Black "Acunzo, Domenico"]
[Result "1-0"]
[WhiteElo "2147"]
[BlackElo "1745"]
[PlyCount "73"]
[EventDate "2011.10.14"]

1. d4 e6 2. c4 f5 3. g3 Nf6 4. Bg2 d5 5. cxd5 exd5 6. Nc3 c6 7. Nh3 Bd6 8. Bf4
Be7 9. O-O O-O 10. Qc2 Na6 11. a3 Ne4 12. Be5 Nc7 13. Bxc7 Qxc7 14. Nxd5 Qd6
15. Nxe7+ Qxe7 16. Nf4 g5 17. Nd3 Be6 18. e3 Bd5 19. b4 Nd6 20. Ne5 f4 21. e4
Be6 22. Rfe1 Rac8 23. Rad1 Qf6 24. Rd2 g4 25. Bf1 f3 26. Qb2 Qh6 27. a4 Qh5 28.
Qc3 Rf6 29. Qc5 Rd8 30. Nd7 Rh6 31. Qxh5 Rxh5 32. Nf6+ Kf7 33. Nxh5 Nc4 34.
Bxc4 Bxc4 35. d5 cxd5 36. exd5 Bxd5 37. Nf4 1-0

[Event "I Trofeo A"]
[Site "Liscate ITA"]
[Date "2011.10.14"]
[Round "1"]
[White "Mariano, Elia"]
[Black "Manansala, Eduardo"]
[Result "1-0"]
[WhiteElo "2208"]
[BlackElo "1946"]
[PlyCount "67"]
[EventDate "2011.10.14"]

1. d4 c6 2. c4 d6 3. Nf3 Nf6 4. Nc3 g6 5. g3 Bg7 6. Bg2 O-O 7. O-O Nbd7 8. e4
e5 9. d5 c5 10. a3 a6 11. Ne1 Rb8 12. b4 b5 13. cxb5 axb5 14. Nc2 Ne8 15. Rb1
c4 16. a4 bxa4 17. Nxa4 Nb6 18. Na3 Nxa4 19. Qxa4 Bd7 20. b5 c3 21. Qb4 Rc8 22.
b6 Rc5 23. b7 Qb8 24. Be3 c2 25. Rb2 c1=Q 26. Rxc1 Rxc1+ 27. Bxc1 f5 28. Be3
Nf6 29. Nc4 fxe4 30. Qxd6 Bf5 31. Qxb8 Rxb8 32. Ba7 Nd7 33. Bxb8 Nxb8 34. Ra2
1-0

[Event "I Trofeo A"]
[Site "Liscate ITA"]
[Date "2011.10.14"]
[Round "1"]
[White "Martinez, Rolly"]
[Black "Moroni, Luca jr"]
[Result "1-0"]
[WhiteElo "2411"]
[BlackElo "1998"]
[PlyCount "69"]
[EventDate "2011.10.14"]

1. e4 c5 2. Nf3 d6 3. d4 cxd4 4. Qxd4 Nc6 5. Bb5 Bd7 6. Bxc6 Bxc6 7. Nc3 Nf6 8.
Bg5 e5 9. Qd3 Be7 10. O-O-O Ng4 11. Bxe7 Qxe7 12. Rd2 O-O-O 13. h3 Nf6 14. Qe3
Kb8 15. Rhd1 Rhe8 16. g4 g6 17. Nh2 h5 18. f3 Rd7 19. Nf1 h4 20. Qf2 Nh7 21.
Ne3 Nf8 22. Ncd5 Qg5 23. Nb4 Red8 24. Kb1 Ne6 25. Ned5 Bxd5 26. Rxd5 Nf4 27.
Ra5 b6 28. Ra3 Kb7 29. Qf1 Rc8 30. Rxd6 Rxd6 31. Qa6+ Kc7 32. Rc3+ Kd7 33.
Qxc8+ Ke7 34. Rc7+ Kf6 35. Qh8+ 1-0

[Event "I Trofeo A"]
[Site "Liscate ITA"]
[Date "2011.10.14"]
[Round "1"]
[White "Pace, Pietro Dario"]
[Black "Guzzetti, Luigi Enrico"]
[Result "1-0"]
[WhiteElo "2276"]
[BlackElo "1955"]
[PlyCount "55"]
[EventDate "2011.10.14"]

1. e4 c5 2. Nf3 e6 3. c3 Nc6 4. d4 d5 5. e5 Qb6 6. Bd3 Bd7 7. O-O cxd4 8. cxd4
Nxd4 9. Nxd4 Qxd4 10. Re1 Ne7 11. Nc3 Qb6 12. Qg4 g6 13. Be3 Qa5 14. a3 Nc6 15.
b4 Qd8 16. Bg5 h5 17. Qg3 Be7 18. Bd2 g5 19. Nb5 a6 20. Nd6+ Bxd6 21. exd6 Rg8
22. Qf3 h4 23. Qxd5 Qf6 24. Qc5 g4 25. Bh7 g3 26. Bxg8 Nd4 27. fxg3 Nb3 28. Qc3
1-0

[Event "I Trofeo A"]
[Site "Liscate ITA"]
[Date "2011.10.14"]
[Round "1"]
[White "Quaranta, Cristiano"]
[Black "Sanchez, Joseph"]
[Result "0-1"]
[WhiteElo "2128"]
[BlackElo "2544"]
[PlyCount "126"]
[EventDate "2011.10.14"]

1. d4 Nf6 2. c4 c6 3. Nf3 d5 4. e3 a6 5. Bd3 Bg4 6. Nbd2 Nbd7 7. Qc2 e6 8. O-O
c5 9. b3 Be7 10. Bb2 Rc8 11. Rac1 Bh5 12. Ne5 Bg6 13. Nxg6 hxg6 14. Nf3 O-O 15.
cxd5 Nxd5 16. Qe2 Qa5 17. Bb1 cxd4 18. Ne5 Ba3 19. h3 N7f6 20. Kh1 Rfd8 21.
Rxc8 Rxc8 22. Nf3 Bxb2 23. Qxb2 b5 24. a3 Qc3 25. Qa2 Nd7 26. Nxd4 Nc5 27. b4
Na4 28. Bc2 Nab6 29. Bb3 Nc4 30. Ne2 Qf6 31. Kg1 Ncb6 32. Rc1 Rxc1+ 33. Nxc1
Qc3 34. Qc2 Qxc2 35. Bxc2 Nc4 36. Bb3 Nxa3 37. Bxd5 exd5 38. Nd3 Nc4 39. Nf4
Nb6 40. Kf1 Kf8 41. Nd3 Ke7 42. Nc5 Kd6 43. Ke2 Nd7 44. Nb3 Ne5 45. Nc5 Kc6 46.
f4 Nd7 47. Nb3 Kb6 48. Kd3 Nb8 49. g4 Nc6 50. Kc3 a5 51. bxa5+ Nxa5 52. Nd4 Kc5
53. Nf3 b4+ 54. Kd3 b3 55. Kc3 Kb5 56. Nd2 Ka4 57. Kd4 Nc4 58. Nxb3 Kxb3 59.
Kxd5 Nxe3+ 60. Kd6 f5 61. gxf5 gxf5 62. Ke6 Kc4 63. Kf7 Kd4 0-1

[Event "I Trofeo A"]
[Site "Liscate ITA"]
[Date "2011.10.14"]
[Round "1"]
[White "Radice, Luca"]
[Black "Vuelban, Virgilio"]
[Result "0-1"]
[WhiteElo "1972"]
[BlackElo "2353"]
[PlyCount "82"]
[EventDate "2011.10.14"]

1. d4 d5 2. c4 c6 3. e3 Nf6 4. Nf3 e6 5. Nbd2 a6 6. Bd3 dxc4 7. Nxc4 c5 8. O-O
b5 9. Nce5 c4 10. Bc2 Bb7 11. Ng5 Qb6 12. Ngxf7 Rg8 13. a4 Nbd7 14. axb5 axb5
15. Rxa8+ Bxa8 16. Nxd7 Kxd7 17. Ne5+ Kc8 18. Qe2 g6 19. Bd2 Bd6 20. f4 Bd5 21.
Rb1 g5 22. f5 Be4 23. Bxe4 Nxe4 24. fxe6 Bxe5 25. dxe5 Qxe6 26. Ra1 g4 27. Bb4
Kb7 28. b3 Ra8 29. Rc1 Rc8 30. Ra1 Ra8 31. Rc1 Rc8 32. Ra1 Rc6 33. bxc4 Qxc4
34. Qd1 Qxb4 35. Qd7+ Rc7 36. Qxg4 Qc4 37. h3 Qc1+ 38. Rxc1 Rxc1+ 39. Kh2 Rh1+
40. Kxh1 Nf2+ 41. Kg1 Nxg4 0-1

[Event "I Trofeo A"]
[Site "Liscate ITA"]
[Date "2011.10.14"]
[Round "1"]
[White "Riboldi, Raffaele"]
[Black "Gamboa, Miguel"]
[Result "0-1"]
[WhiteElo "1905"]
[BlackElo "2175"]
[PlyCount "84"]
[EventDate "2011.10.14"]

1. d4 Nf6 2. c4 g6 3. Nc3 Bg7 4. e4 d6 5. Nge2 O-O 6. Ng3 e5 7. d5 a5 8. Be2
Na6 9. h4 Nc5 10. h5 Bd7 11. Be3 Qe7 12. f3 Nxh5 13. Nxh5 gxh5 14. Rxh5 f5 15.
Qd2 f4 16. Bf2 Rf7 17. O-O-O b6 18. Rdh1 Bf6 19. Qe1 Rg7 20. Qg1 a4 21. Qh2 Rf8
22. Kb1 Be8 23. Rh3 Bg5 24. Kc2 Bd7 25. Rh5 Be8 26. Rh3 Rf6 27. g4 fxg3 28.
Rxg3 Rfg6 29. Qg2 Qf6 30. Rg1 Qf4 31. Kb1 a3 32. Rd1 axb2 33. Kxb2 Na4+ 34. Kc2
Nxc3 35. Rg4 Ba4+ 36. Kxc3 Bh6 37. Rxg6 Rxg6 38. Qh3 Bxd1 39. Qc8+ Qf8 40.
Qxf8+ Kxf8 41. Bxd1 Rg2 42. Bh4 Bg5 0-1

[Event "I Trofeo A"]
[Site "Liscate ITA"]
[Date "2011.10.14"]
[Round "1"]
[White "Salvador, Roland"]
[Black "Gonella, Daniele"]
[Result "1/2-1/2"]
[WhiteElo "2501"]
[BlackElo "2103"]
[PlyCount "144"]
[EventDate "2011.10.14"]

1. d4 d5 2. Nf3 Nf6 3. c4 e6 4. e3 Be7 5. Nc3 O-O 6. b3 b6 7. Bb2 Bb7 8. Be2 c5
9. O-O Re8 10. cxd5 exd5 11. Qc2 Nbd7 12. Rad1 a6 13. Rd2 Qc7 14. Rc1 Bd6 15.
g3 Rad8 16. Rcd1 Rc8 17. dxc5 bxc5 18. Ng5 h6 19. Nxd5 Bxd5 20. Rxd5 Be5 21.
Rxd7 Nxd7 22. Bxe5 Nxe5 23. Qh7+ Kf8 24. Ne4 Ng6 25. Nd6 Red8 26. Nxc8 Qxc8 27.
Rxd8+ Qxd8 28. Bh5 Qd3 29. Bxg6 fxg6 30. Qh8+ Kf7 31. Qa8 Qb1+ 32. Kg2 Qxa2 33.
Qd5+ Kf6 34. e4 Qe2 35. h4 h5 36. Qd6+ Kf7 37. Qd7+ Kf6 38. Qe8 a5 39. Qc6+ Kf7
40. Qd5+ Kf6 41. Qd6+ Kf7 42. Qd7+ Kf6 43. Qe8 Qe1 44. Qd8+ Kf7 45. Qd3 Qb4 46.
Qd5+ Ke7 47. e5 Qb6 48. Qg8 Qc6+ 49. Kg1 Qe4 50. Qxg7+ Ke8 51. Qf6 a4 52. e6
Qb1+ 53. Kg2 Qe4+ 54. Kf1 Qb1+ 55. Ke2 Qe4+ 56. Kd2 Qb4+ 57. Ke2 Qe4+ 58. Kd1
Qb1+ 59. Ke2 Qa2+ 60. Ke1 Qb1+ 61. Kd2 Qa2+ 62. Kd1 Qb1+ 63. Ke2 Qe4+ 64. Kf1
Qh1+ 65. Ke2 Qe4+ 66. Kd2 Qb4+ 67. Ke3 Qxb3+ 68. Kf4 Qb8+ 69. Ke3 Qb3+ 70. Kf4
Qb8+ 71. Ke3 Qb3+ 72. Kf4 Qb8+ 1/2-1/2

[Event "I Trofeo A"]
[Site "Liscate ITA"]
[Date "2011.10.15"]
[Round "2"]
[White "Gagliardi, Christian"]
[Black "Martinez, Rolly"]
[Result "1/2-1/2"]
[WhiteElo "2253"]
[BlackElo "2411"]
[PlyCount "54"]
[EventDate "2011.10.14"]

1. e4 c5 2. Nc3 Nc6 3. Bb5 g6 4. Bxc6 bxc6 5. d3 Bg7 6. f4 d6 7. Nf3 Nh6 8. O-O
O-O 9. Qe1 f6 10. Bd2 Nf7 11. Qg3 Rb8 12. b3 Rb7 13. Rad1 f5 14. exf5 gxf5 15.
Rde1 Kh8 16. Qh3 e6 17. Ne2 Rg8 18. Kh1 Bf6 19. c4 Rg6 20. d4 Qb6 21. Be3 cxd4
22. Bxd4 c5 23. Bxf6+ Rxf6 24. Ng5 Nxg5 25. fxg5 Rff7 26. Qh6 Qd8 27. Rd1 Qe7
1/2-1/2

[Event "I Trofeo A"]
[Site "Liscate ITA"]
[Date "2011.10.15"]
[Round "2"]
[White "Gamboa, Miguel"]
[Black "Pace, Pietro Dario"]
[Result "0-1"]
[WhiteElo "2175"]
[BlackElo "2276"]
[PlyCount "60"]
[EventDate "2011.10.14"]

1. d4 Nf6 2. c4 g6 3. Nc3 d5 4. cxd5 Nxd5 5. e4 Nxc3 6. bxc3 Bg7 7. Bb5+ c6 8.
Ba4 O-O 9. Ne2 c5 10. O-O Nc6 11. Be3 Qc7 12. Rc1 Rd8 13. Qd2 Qa5 14. Bxc6 bxc6
15. Rfd1 Be6 16. Rc2 Bc4 17. Ng3 Qa6 18. e5 cxd4 19. cxd4 c5 20. Qc3 cxd4 21.
Rxd4 Be6 22. f4 Rxd4 23. Qxd4 h5 24. f5 Bxa2 25. fxg6 Qxg6 26. Rc7 a5 27. Qf4
a4 28. Nf5 Bf8 29. Bc1 Bd5 30. Ba3 Qxg2# 0-1

[Event "I Trofeo A"]
[Site "Liscate ITA"]
[Date "2011.10.15"]
[Round "2"]
[White "Manansala, Eduardo"]
[Black "Radice, Luca"]
[Result "0-1"]
[WhiteElo "1946"]
[BlackElo "1972"]
[PlyCount "134"]
[EventDate "2011.10.14"]

1. c4 f5 2. g3 Nf6 3. Bg2 g6 4. Nc3 Bg7 5. d3 O-O 6. e4 d6 7. Nge2 Nc6 8. a3 a5
9. O-O e5 10. Bg5 h6 11. Bxf6 Qxf6 12. Nd5 Qd8 13. b4 axb4 14. axb4 Rxa1 15.
Qxa1 f4 16. f3 g5 17. b5 Ne7 18. Qa5 Nxd5 19. cxd5 c5 20. Qxd8 Rxd8 21. Ra1 Bd7
22. Nc3 Bf6 23. Ra7 Rb8 24. Bf1 fxg3 25. hxg3 g4 26. fxg4 Bg5 27. Kh2 Be3 28.
b6 Bd4 29. Ne2 Be3 30. Bh3 Bb5 31. g5 c4 32. dxc4 Bxb6 33. Ra2 Bxc4 34. Rb2 Bc5
35. gxh6 Kh7 36. Bd7 b5 37. g4 Kxh6 38. Ng3 b4 39. Nf5+ Kg5 40. Kg3 Ra8 41. Nh4
Ra3+ 42. Nf3+ Kg6 43. Kg2 Ra2 44. Rxa2 Bxa2 45. Ba4 Be3 46. Ne1 b3 47. Kf3 b2
48. Bc2 Bd4 49. Nd3 b1=Q 50. Bxb1 Bxb1 51. Nb4 Kg5 52. Nc6 Bc5 53. Nd8 Bc2 54.
Ne6+ Kf6 55. Nc7 Bd3 56. Ne8+ Kf7 57. Nc7 Bb6 58. Ne6 Bc2 59. Ng5+ Kg6 60. Ne6
Bd1+ 61. Kg3 Ba5 62. Nf8+ Kh6 63. Ne6 Be1+ 64. Kh3 Be2 65. g5+ Kh5 66. Ng7+ Kg6
67. Nf5 Bb4 0-1

[Event "I Trofeo A"]
[Site "Liscate ITA"]
[Date "2011.10.15"]
[Round "2"]
[White "Moroni, Luca jr"]
[Black "Riboldi, Raffaele"]
[Result "1-0"]
[WhiteElo "1998"]
[BlackElo "1905"]
[PlyCount "87"]
[EventDate "2011.10.14"]

1. e4 e6 2. d4 d5 3. e5 c5 4. c3 Qb6 5. Nf3 Bd7 6. Na3 cxd4 7. Nxd4 Bxa3 8.
bxa3 Qc7 9. Qb3 Qxe5+ 10. Be3 Nc6 11. Qxb7 Rb8 12. Qa6 Nge7 13. Qd3 O-O 14. Be2
Na5 15. Qd2 Rfc8 16. O-O Nc4 17. Bxc4 Rxc4 18. Ne2 Qc7 19. Rab1 Rc8 20. Rb4
Rxb4 21. axb4 Bb5 22. Bc5 Nf5 23. Rd1 Nd6 24. Nd4 Bc4 25. f3 a5 26. Nb3 Nb7 27.
Bd4 axb4 28. cxb4 Ra8 29. Re1 Qd7 30. Qb2 f6 31. a3 e5 32. Nc5 Nxc5 33. Bxc5
Qa4 34. Rb1 Qxa3 35. Qxa3 Rxa3 36. b5 Ra5 37. b6 Ba6 38. Bd6 Bb7 39. Rc1 d4 40.
Rc7 Rd5 41. Ba3 Ra5 42. Rxb7 Rxa3 43. Ra7 Rb3 44. b7 1-0

[Event "I Trofeo A"]
[Site "Liscate ITA"]
[Date "2011.10.15"]
[Round "2"]
[White "Solomon, Kenny"]
[Black "Swannie, Douglas"]
[Result "1-0"]
[WhiteElo "2426"]
[BlackElo "1947"]
[PlyCount "71"]
[EventDate "2011.10.14"]

1. d4 d5 2. Nf3 Nf6 3. c4 e6 4. Nc3 Be7 5. Bg5 h6 6. Bh4 O-O 7. e3 b6 8. Bd3
Bb7 9. O-O c5 10. Qe2 Nbd7 11. Bg3 Ne4 12. cxd5 exd5 13. Rad1 Nxg3 14. hxg3 Nf6
15. Bb1 Qc8 16. Rfe1 Ne4 17. Qc2 f5 18. dxc5 Nxc3 19. bxc3 bxc5 20. c4 Qe6 21.
Qb3 Qb6 22. cxd5 Qxb3 23. axb3 Rad8 24. e4 fxe4 25. Bxe4 Bd6 26. Nd2 Be5 27. d6
Bd4 28. Bxb7 Bxf2+ 29. Kh2 Bxe1 30. Rxe1 Rxd6 31. Ne4 Rd4 32. Nxc5 Rd6 33. Ba6
Kh8 34. Bc4 Rc6 35. Nd7 Rd8 36. Ne5 1-0

[Event "I Trofeo A"]
[Site "Liscate ITA"]
[Date "2011.10.15"]
[Round "3"]
[White "Acunzo, Domenico"]
[Black "Quaranta, Cristiano"]
[Result "0-1"]
[WhiteElo "1745"]
[BlackElo "2128"]
[PlyCount "88"]
[EventDate "2011.10.14"]

1. e4 c5 2. Nf3 d6 3. Be2 Nf6 4. c3 g6 5. d4 Nxe4 6. Qb3 Bg7 7. Nbd2 Nxd2 8.
Bxd2 O-O 9. O-O Nc6 10. dxc5 dxc5 11. Rad1 Qc7 12. Rfe1 Be6 13. c4 Nd4 14. Nxd4
Bxd4 15. Bh6 Rfd8 16. Bd3 Qb6 17. Rd2 Qxb3 18. axb3 Rd7 19. Be4 Rad8 20. Bf3
Bg7 21. Rxd7 Rxd7 22. Be3 b6 23. Bc1 Bf6 24. g3 Kg7 25. h4 h5 26. Kg2 Bf5 27.
Bd1 Rd8 28. Kg1 Rd7 29. Kg2 Bd4 30. Kg1 e5 31. Kg2 Rb7 32. f3 b5 33. g4 hxg4
34. fxg4 Be6 35. h5 bxc4 36. hxg6 Bd5+ 37. Kg3 fxg6 38. Bc2 cxb3 39. Bb1 Rf7
40. Be4 Bf2+ 41. Kg2 Bxe1 42. Bxd5 Rd7 43. Bxb3 Bd2 44. Bxd2 Rxd2+ 0-1

[Event "I Trofeo A"]
[Site "Liscate ITA"]
[Date "2011.10.15"]
[Round "3"]
[White "Bemporad, Filippo"]
[Black "Gamboa, Miguel"]
[Result "1/2-1/2"]
[WhiteElo "2093"]
[BlackElo "2175"]
[PlyCount "60"]
[EventDate "2011.10.14"]

1. d4 Nf6 2. Nf3 g6 3. c4 Bg7 4. Nc3 O-O 5. e4 d6 6. Be2 e5 7. O-O Nc6 8. d5
Ne7 9. Ne1 Nd7 10. Nd3 f5 11. Bd2 Nf6 12. f3 Rf7 13. Rc1 Bf8 14. g4 f4 15. Kg2
g5 16. Be1 Ng6 17. h3 h5 18. Bf2 Rh7 19. Rh1 Qe8 20. c5 Nh4+ 21. Bxh4 gxh4 22.
cxd6 Bxd6 23. Kh2 hxg4 24. hxg4 Qg6 25. Rg1 Kh8 26. Nb5 Qg5 27. Nxd6 cxd6 28.
Rc4 h3 29. Qe1 Bd7 30. Rc7 Rb8 1/2-1/2

[Event "I Trofeo A"]
[Site "Liscate ITA"]
[Date "2011.10.15"]
[Round "3"]
[White "Bevilacqua, Maurizio"]
[Black "Gagliardi, Christian"]
[Result "1/2-1/2"]
[WhiteElo "2147"]
[BlackElo "2253"]
[PlyCount "30"]
[EventDate "2011.10.14"]

1. d4 Nf6 2. Nf3 e6 3. c4 d5 4. g3 Bb4+ 5. Bd2 Be7 6. Bg2 O-O 7. Qc2 c6 8. O-O
b6 9. Bf4 Ba6 10. Nbd2 Nbd7 11. Rac1 Nh5 12. Qa4 Nxf4 13. gxf4 Bb7 14. cxd5
exd5 15. Ne5 Nxe5 1/2-1/2

[Event "I Trofeo A"]
[Site "Liscate ITA"]
[Date "2011.10.15"]
[Round "3"]
[White "Gonella, Daniele"]
[Black "Moroni, Luca jr"]
[Result "0-1"]
[WhiteElo "2103"]
[BlackElo "1998"]
[PlyCount "96"]
[EventDate "2011.10.14"]

1. c4 e6 2. Nc3 d5 3. d4 c6 4. e4 dxe4 5. Nxe4 Nf6 6. Nxf6+ Qxf6 7. Nf3 Bb4+ 8.
Bd2 Bxd2+ 9. Qxd2 Nd7 10. Bd3 c5 11. d5 Ne5 12. Nxe5 Qxe5+ 13. Qe2 Qxe2+ 14.
Bxe2 exd5 15. cxd5 Kd7 16. O-O-O Kd6 17. Bf3 Re8 18. h4 b5 19. h5 h6 20. Rh4 a5
21. b3 Ra7 22. Kd2 Re5 23. a4 b4 24. Rc4 Ba6 25. Rg4 f6 26. Rg3 Rae7 27. Rg1
Be2 28. Bxe2 Rxe2+ 29. Kd3 Rxf2 30. Kc4 Rb7 31. Rf3 Rd2 32. Rf4 Rxd5 33. g4 Rd2
34. Rb1 Kc6 35. Re1 Rc2+ 36. Kd3 Rc3+ 37. Kd2 Rd7+ 38. Ke2 Re7+ 39. Kf2 Rxe1
40. Kxe1 Rxb3 41. Re4 Kd6 42. Kd2 Rc3 43. Rf4 c4 44. Rd4+ Kc5 45. Re4 Rd3+ 46.
Ke2 Kd5 47. Re7 b3 48. Rxg7 b2 0-1

[Event "I Trofeo A"]
[Site "Liscate ITA"]
[Date "2011.10.15"]
[Round "3"]
[White "Mariano, Elia"]
[Black "Salvador, Roland"]
[Result "0-1"]
[WhiteElo "2208"]
[BlackElo "2501"]
[PlyCount "50"]
[EventDate "2011.10.14"]

1. d4 d5 2. c4 c6 3. Nf3 Nf6 4. cxd5 cxd5 5. Nc3 Nc6 6. Bf4 Ne4 7. e3 Nxc3 8.
bxc3 g6 9. Be2 Bg7 10. O-O O-O 11. c4 Bf5 12. cxd5 Qxd5 13. Qb3 Qd7 14. Bb5 Be4
15. Qa4 Bd5 16. Ne5 Qe6 17. Bxc6 bxc6 18. Rfc1 Bxe5 19. dxe5 Qg4 20. f3 Bxf3
21. Qc2 Bd5 22. Rf1 f5 23. exf6 Rxf6 24. Be5 Re6 25. h3 Qxg2+ 0-1

[Event "I Trofeo A"]
[Site "Liscate ITA"]
[Date "2011.10.15"]
[Round "3"]
[White "Martinez, Rolly"]
[Black "Sanchez, Joseph"]
[Result "0-1"]
[WhiteElo "2411"]
[BlackElo "2544"]
[PlyCount "68"]
[EventDate "2011.10.14"]

1. e4 c5 2. Nf3 Nc6 3. d4 cxd4 4. Nxd4 Nf6 5. Nc3 e5 6. Ndb5 d6 7. Bg5 a6 8.
Na3 b5 9. Bxf6 gxf6 10. Nd5 f5 11. exf5 Bxf5 12. Bd3 e4 13. Qe2 Nd4 14. Qe3 Bg7
15. O-O O-O 16. Bxe4 Re8 17. f3 b4 18. Nc4 Nxc2 19. Qd3 Bxe4 20. fxe4 Nxa1 21.
Rxa1 Re6 22. Nf4 Rh6 23. Rf1 Qh4 24. h3 Rf6 25. Nd5 Rxf1+ 26. Kxf1 Re8 27. Nxd6
Re6 28. Nf5 Qxe4 29. Qxe4 Rxe4 30. b3 Bc3 31. Kf2 Kf8 32. g4 Re5 33. Nb6 Rxf5+
34. gxf5 Bd4+ 0-1

[Event "I Trofeo A"]
[Site "Liscate ITA"]
[Date "2011.10.15"]
[Round "3"]
[White "Pace, Pietro Dario"]
[Black "Vuelban, Virgilio"]
[Result "1/2-1/2"]
[WhiteElo "2276"]
[BlackElo "2353"]
[PlyCount "26"]
[EventDate "2011.10.14"]

1. e4 c5 2. Nf3 Nc6 3. Bb5 e6 4. O-O Nge7 5. Re1 a6 6. Bf1 d5 7. exd5 Nxd5 8.
d4 cxd4 9. Nxd4 Bc5 10. Nxc6 Qf6 11. Qe2 bxc6 12. Nd2 Nf4 13. Qf3 Nd5 1/2-1/2

[Event "I Trofeo A"]
[Site "Liscate ITA"]
[Date "2011.10.15"]
[Round "3"]
[White "Radice, Luca"]
[Black "Solomon, Kenny"]
[Result "0-1"]
[WhiteElo "1972"]
[BlackElo "2426"]
[PlyCount "46"]
[EventDate "2011.10.14"]

1. d4 d6 2. Nf3 g6 3. c4 Bg7 4. Nc3 Bg4 5. e4 Nc6 6. d5 Nd4 7. Be3 Nxf3+ 8.
gxf3 Bd7 9. Qd2 c5 10. Be2 Bh3 11. Bf1 Qd7 12. Qe2 a6 13. a4 Rb8 14. Rb1 b6 15.
Bd2 Bxf1 16. Qxf1 Nf6 17. Qg2 Nh5 18. Qg4 e6 19. O-O O-O 20. b3 f5 21. Qh3 Bxc3
22. Bxc3 Nf4 23. Qh6 Ne2+ 0-1

[Event "I Trofeo A"]
[Site "Liscate ITA"]
[Date "2011.10.15"]
[Round "3"]
[White "Riboldi, Raffaele"]
[Black "Guzzetti, Luigi Enrico"]
[Result "0-1"]
[WhiteElo "1905"]
[BlackElo "1955"]
[PlyCount "80"]
[EventDate "2011.10.14"]

1. d4 Nf6 2. c4 g6 3. Nc3 Bg7 4. e4 d6 5. Nge2 O-O 6. Ng3 Nbd7 7. Be2 c6 8. Be3
a6 9. a4 Qc7 10. Qd2 Rd8 11. O-O e5 12. d5 cxd5 13. cxd5 Nc5 14. Ra3 h5 15. Rc1
Qb8 16. b4 h4 17. bxc5 hxg3 18. hxg3 dxc5 19. Bxc5 Bd7 20. f3 Nh5 21. g4 Nf4
22. Bf1 Bh6 23. Be3 g5 24. g3 Ng6 25. Bxg5 Bxg5 26. Qxg5 Qa7+ 27. Kg2 Qc5 28.
Raa1 Qd4 29. Ne2 Qb2 30. Rab1 Qa2 31. f4 Qd2 32. Rd1 Qe3 33. Rb4 Kg7 34. Rd3
Qxd3 35. f5 Rh8 36. fxg6 f6 37. Qc1 Rac8 38. Qb1 Rc2 39. Qe1 Bxg4 40. Rxb7+
Kxg6 0-1

[Event "I Trofeo A"]
[Site "Liscate ITA"]
[Date "2011.10.15"]
[Round "3"]
[White "Swannie, Douglas"]
[Black "Manansala, Eduardo"]
[Result "1-0"]
[WhiteElo "1947"]
[BlackElo "1946"]
[PlyCount "65"]
[EventDate "2011.10.14"]

1. d4 c6 2. c4 d6 3. Nc3 Nf6 4. e4 g6 5. f4 Bg7 6. Nf3 Bg4 7. Be2 Qa5 8. O-O
Bxf3 9. Rxf3 O-O 10. h3 e5 11. fxe5 dxe5 12. d5 Nbd7 13. Be3 cxd5 14. cxd5 Qb4
15. a3 Qa5 16. b4 Qd8 17. Rc1 a6 18. Qd3 Rc8 19. Rff1 Ne8 20. Na4 Rxc1 21. Rxc1
f5 22. Nc5 fxe4 23. Qb3 Nd6 24. Ne6 Qh4 25. Nxf8 Bxf8 26. Bg4 Nf6 27. Be6+ Kh8
28. Bf2 Qg5 29. Qc3 Bh6 30. Rf1 e3 31. Be1 Nfe4 32. Qc7 Nf5 33. Qc8+ 1-0

[Event "I Trofeo A"]
[Site "Liscate ITA"]
[Date "2011.10.16"]
[Round "4"]
[White "Acunzo, Domenico"]
[Black "Swannie, Douglas"]
[Result "0-1"]
[WhiteElo "1745"]
[BlackElo "1947"]
[PlyCount "54"]
[EventDate "2011.10.14"]

1. e4 e5 2. f4 d5 3. exd5 c6 4. fxe5 Qh4+ 5. g3 Qe4+ 6. Qe2 Qxh1 7. Nf3 Bg4 8.
Kf2 Qxf3+ 9. Qxf3 Bxf3 10. Kxf3 cxd5 11. d4 Nc6 12. c3 f6 13. Bb5 fxe5 14.
Bxc6+ bxc6 15. dxe5 Bc5 16. b4 Bb6 17. Bf4 Ne7 18. Nd2 O-O 19. h4 Ng6 20. Re1
Rae8 21. Kg4 h5+ 22. Kg5 Nxf4 23. gxf4 Bd8+ 24. Kxh5 Rxf4 25. e6 Kh7 26. e7
Rxe7 27. Kg5 Ree4+ 0-1

[Event "I Trofeo A"]
[Site "Liscate ITA"]
[Date "2011.10.16"]
[Round "4"]
[White "Bemporad, Filippo"]
[Black "Mariano, Elia"]
[Result "0-1"]
[WhiteElo "2093"]
[BlackElo "2208"]
[PlyCount "78"]
[EventDate "2011.10.14"]

1. d4 Nf6 2. Nf3 e6 3. g3 b5 4. Bg2 Bb7 5. O-O c5 6. b3 cxd4 7. Bb2 d5 8. Nxd4
Qb6 9. Nd2 Bc5 10. N2f3 Nbd7 11. e3 O-O 12. Ne2 Rac8 13. Nf4 Qc7 14. Nd3 Bd6
15. Nd4 a6 16. Rc1 Rfe8 17. Qe2 Ne4 18. c3 Ndf6 19. Rc2 Bf8 20. Rfc1 Nd6 21.
Ne5 Nd7 22. Ndf3 Nb6 23. Nd2 f6 24. Nd3 Qf7 25. Ba3 Ne4 26. Bb2 Nxd2 27. Rxd2
e5 28. Ne1 e4 29. Rdc2 Rc7 30. c4 dxc4 31. Bd4 Bc5 32. Bxc5 Rxc5 33. bxc4 Rxc4
34. Rxc4 Nxc4 35. a4 Rd8 36. axb5 axb5 37. Nc2 Rd2 38. Qg4 Ne5 39. Qf5 Qc4 0-1

[Event "I Trofeo A"]
[Site "Liscate ITA"]
[Date "2011.10.16"]
[Round "4"]
[White "Bevilacqua, Maurizio"]
[Black "Martinez, Rolly"]
[Result "0-1"]
[WhiteElo "2147"]
[BlackElo "2411"]
[PlyCount "52"]
[EventDate "2011.10.14"]

1. d4 Nf6 2. Nf3 e6 3. c4 b6 4. Nc3 Bb7 5. a3 d5 6. e3 Be7 7. cxd5 exd5 8. Bb5+
c6 9. Bd3 O-O 10. O-O c5 11. b3 Nbd7 12. Bb2 Bd6 13. Ne2 Qe7 14. Ng3 g6 15. Re1
Rfc8 16. Nd2 Rc7 17. Qe2 Re8 18. Rec1 h5 19. Nf3 Ne4 20. Bb5 Rec8 21. Bxd7 Qxd7
22. Nxe4 dxe4 23. Ne5 Qe6 24. Qd1 Rd8 25. Nc4 Bf8 26. Qe1 26... Bg7 {...} 0-1

[Event "I Trofeo A"]
[Site "Liscate ITA"]
[Date "2011.10.16"]
[Round "4"]
[White "Gagliardi, Christian"]
[Black "Moroni, Luca jr"]
[Result "0-1"]
[WhiteElo "2253"]
[BlackElo "1998"]
[PlyCount "74"]
[EventDate "2011.10.14"]

1. e4 c5 2. Nc3 Nc6 3. Bb5 a6 4. Bxc6 bxc6 5. d3 e6 6. f4 d5 7. Nf3 Nf6 8. O-O
Be7 9. e5 Nd7 10. Ne2 O-O 11. Ng3 a5 12. f5 f6 13. exf6 Bxf6 14. fxe6 Ne5 15.
Nxe5 Bxe5 16. Rxf8+ Qxf8 17. Qe2 Qd6 18. Bd2 Qxe6 19. Re1 Bd4+ 20. Be3 Bxb2 21.
Bxc5 Qxe2 22. Rxe2 Bg4 23. Re7 Rb8 24. Rc7 Be5 25. Rxc6 Rb2 26. Ba7 Rxa2 27. c4
Bd7 28. Ra6 dxc4 29. dxc4 Bc8 30. Rc6 Rxg2+ 31. Kxg2 Bb7 32. Kf2 Bxc6 33. Ke3
a4 34. Bc5 Bb2 35. Kd2 a3 36. Kc2 Ba4+ 37. Kb1 Bb3 0-1

[Event "I Trofeo A"]
[Site "Liscate ITA"]
[Date "2011.10.16"]
[Round "4"]
[White "Guzzetti, Luigi Enrico"]
[Black "Gonella, Daniele"]
[Result "0-1"]
[WhiteElo "1955"]
[BlackElo "2103"]
[PlyCount "70"]
[EventDate "2011.10.14"]

1. e4 e5 2. Nf3 Nc6 3. Bb5 Nf6 4. O-O Nxe4 5. Re1 Nd6 6. Nxe5 Be7 7. Bxc6 dxc6
8. d4 O-O 9. c3 Bf6 10. Bf4 Be6 11. Nd2 a5 12. b3 Re8 13. Nf1 Bg5 14. Qd2 Bxf4
15. Qxf4 f6 16. Nd3 Bf7 17. Rxe8+ Bxe8 18. Re1 Bf7 19. Nc5 b6 20. Ne4 a4 21.
Nxd6 Qxd6 22. Qxd6 cxd6 23. c4 axb3 24. axb3 Ra2 25. g3 Rb2 26. Re3 b5 27. cxb5
cxb5 28. Rc3 Bd5 29. Ne3 Rb1+ 30. Nf1 Bxb3 31. Kg2 Bd5+ 32. f3 Rb2+ 33. Kh3 b4
34. Rc8+ Kf7 35. Ne3 Be6+ 0-1